000 005160000a22001810004500
003 MACL
005 20160309151850.0
008 160309b xxu||||| |||| 00| 0 eng d
040 _aMACL
_cMACL
041 _aHindi
082 _a891.433
100 _aशानी
_943500
245 _aकालाजल
260 _bअमरनाथ शुक्‍ल विघा प्रकाशन मंदिर
_c1977
_aदिल्‍ली
350 _a8
650 _aNovel
_944182
942 _cHIN
_k891.433
_2ddc
999 _c26719
_d26719